书目信息 |
| 题名: |
穿透黑暗
|
|
| 作者: | 昆廷斯-菲德勒 , 里特曼 著 ;黄缇莹 译 | |
| 分册: | ||
| 出版信息: | 北京 中信出版社 2014.03 |
|
| 页数: | 207页 | |
| 开本: | 25cm | |
| 丛书名: | 中国国家地理 | |
| 单 册: | ||
| 中图分类: | J417 | |
| 科图分类: | ||
| 主题词: | 夜间摄影--ye jian she ying--摄影技术 | |
| 电子资源: | ||
| ISBN: | 978-7-5086-4429-5 | |
| 000 | 01339nam 2200325 450 | |
| 001 | CAL 0120141223521 | |
| 005 | 20150819142133.18 | |
| 010 | @a978-7-5086-4429-5@dCNY68.00 | |
| 100 | @a20140428d2014 em y0chiy50 ea | |
| 101 | 1 | @achi@ceng |
| 102 | @aCN@b110000 | |
| 105 | @aa z 000yy | |
| 106 | @ar | |
| 200 | 1 | @a穿透黑暗@Achuan tou hei an@e夜景和暗光摄影@f(美) 阿曼达·昆廷斯-菲德勒, (美) 菲利浦·肖尔茨·里特曼著@g黄缇莹译 |
| 210 | @a北京@c中信出版社@d2014.03 | |
| 215 | @a207页@c图 (部分彩图)@d25cm | |
| 225 | 2 | @a中国国家地理@Azhong guo guo jia di li |
| 312 | @a英文题名取自封面 | |
| 330 | @a本书为数码夜景和暗光摄影爱好者量身定制的书, 美国资深夜间摄影专家分享第一手经验, 系统介绍了暗光和夜景摄影的技术、观念、观察方法、器材、后期技法。暗光摄影和夜间摄影对于摄影爱好者来说是一个巨大的挑战, 当然它们也极具诱惑力。 | |
| 410 | 0 | @12001 @a中国国家地理 |
| 500 | 10 | @aDigital capture after dark@mChinese |
| 517 | 1 | @a夜景和暗光摄影@Aye jing he an guang she ying |
| 586 | @a | |
| 606 | 0 | @a夜间摄影@Aye jian she ying@x摄影技术 |
| 690 | @aJ417@v5 | |
| 701 | 1 | @a昆廷斯-菲德勒@Akun ting si - fei de le@g(Quintenz-Fiedler, Amanda)@4著 |
| 701 | 1 | @a里特曼@Ali te man@g(Rittermann, Philipp Scholz)@4著 |
| 702 | 0 | @a黄缇莹@Ahuang ti ying@4译 |
| 801 | 0 | @aCN@c20150820 |
| 905 | @a河南城建学院图书馆@dJ417@eK973@f3 | |
| 穿透黑暗:夜景和暗光摄影/(美) 阿曼达·昆廷斯-菲德勒, (美) 菲利浦·肖尔茨·里特曼著/黄缇莹译.-北京:中信出版社,2014.03 |
| 207页:图 (部分彩图);25cm.-(中国国家地理) |
| ISBN 978-7-5086-4429-5:CNY68.00 |
| 本书为数码夜景和暗光摄影爱好者量身定制的书, 美国资深夜间摄影专家分享第一手经验, 系统介绍了暗光和夜景摄影的技术、观念、观察方法、器材、后期技法。暗光摄影和夜间摄影对于摄影爱好者来说是一个巨大的挑战, 当然它们也极具诱惑力。 |
| ● |
| 相关链接 |
|
|
|
正题名:穿透黑暗
索取号:J417/K973
 
预约/预借
| 序号 | 登录号 | 条形码 | 馆藏地/架位号 | 状态 | 备注 |
| 1 | 1166143 | 211661432 | 社科库309/309社科库 84排3列2层/ [索取号:J417/K973] | 在馆 | |
| 2 | 1166144 | 211661441 | 社科库309/309社科库 84排3列2层/ [索取号:J417/K973] | 在馆 | |
| 3 | 1166145 | 211661450 | 社科库309/309社科库 84排3列2层/ [索取号:J417/K973] | 在馆 |